000 00499nam a2200181Ia 4500
001 24181
005 20260414151026.0
008 260414t2002||||xx |||||||||||||| ||spa||
041 _aESP
082 _a792
_bP55
100 _aPiga Torres, Domingo
_eAUT
245 0 _aDramaturgia :
_breflexiones y apuntaciones estéticas sobre el guión cinematográfico y la obra teatral
260 _c2002
300 _a141 páginas :
_c24 cm.
650 _aABD
654 _aCAU
942 _cLIB
_dJUS
_fJUS
_2ddc
_n
999 _c24181
_d24181